বড়ো মানুষের স্কুলে যাওয়া / (Record no. 13171)
[ view plain ]
| 000 -LEADER | |
|---|---|
| fixed length control field | 00755nam a2200217 a 4500 |
| 001 - CONTROL NUMBER | |
| JCCL Control Number | 13171 |
| 003 - CONTROL NUMBER IDENTIFIER | |
| JCCL marc code | BD-JhCC |
| 005 - DATE AND TIME OF LATEST TRANSACTION | |
| control field | 20230716105458.0 |
| 008 - FIXED-LENGTH DATA ELEMENTS--GENERAL INFORMATION | |
| fixed length control field | 230605s2021 bg |||| |||| 000 0 b d |
| 020 ## - INTERNATIONAL STANDARD BOOK NUMBER | |
| International Standard Book Number | 9789846344455 |
| 035 ## - SYSTEM CONTROL NUMBER | |
| system control number | (BD-JhCC)13171 |
| 040 ## - CATALOGING SOURCE | |
| Original cataloging agency | BD-JhCC |
| Modifying agency | BD-JhCC |
| 041 ## - LANGUAGE CODE | |
| Language code of Book | eng |
| 082 ## - DEWEY DECIMAL CLASSIFICATION NUMBER | |
| Classification number | 928 |
| Author mark and Year | ROS 2021 |
| 100 ## - MAIN ENTRY--PERSONAL NAME | |
| Personal name | রশীদ, রফিকুর |
| 245 ## - TITLE STATEMENT | |
| Title | বড়ো মানুষের স্কুলে যাওয়া / |
| Statement of responsibility, etc | রফিকুর রশীদ |
| 260 ## - PUBLICATION, DISTRIBUTION, ETC. (IMPRINT) | |
| Place of publication, distribution, etc | ঢাকা : |
| Name of publisher, distributor, etc | পাঞ্জেরী পাবলিকেশন্স লি., |
| Date of publication, distribution, etc | ২০২১ |
| 300 ## - PHYSICAL DESCRIPTION | |
| Pagination | ৫৬ পৃ. : |
| Dimensions | ২১ সেমি. |
| Other physical details | চিত্রাবলী; |
| 650 ## - SUBJECT ADDED ENTRY--TOPICAL TERM | |
| Topical term or geographic name as entry element | Collection of Biography |
| 942 ## - ADDED ENTRY ELEMENTS (KOHA) | |
| Source of classification or shelving scheme | Dewey Decimal Classification |
| Koha item type | Books |
| Source of classification or shelving scheme | Damaged status | Not for loan | Home library | Current library | Shelving location | Date of accession | Cost, normal purchase price | Total Checkouts | Full call number | Barcode | Date last seen | Copy number | Method of acquisition | Koha item type | Currency |
|---|---|---|---|---|---|---|---|---|---|---|---|---|---|---|---|
| Dewey Decimal Classification | JCC Rouf Library | JCC Rouf Library | General Stacks | 06/25/2023 | 113.00 | 928 ROS 2021 | 18301 | 07/16/2023 | C-1 | Purchase | Books | BDT |